Central Library OPAC University of Rajshahi

Seamarks / (Record no. 20218)

MARC details
000 -LEADER
fixed length control field 00900nam a2200289 i 4500
001 - CONTROL NUMBER
control field 20218
003 - CONTROL NUMBER IDENTIFIER
rucl marc code BD-RjUL
005 - DATE AND TIME OF LATEST TRANSACTION
control field 20211209000533.0
008 - FIXED-LENGTH DATA ELEMENTS--GENERAL INFORMATION
fixed length control field 140227r19611958nyu b 000 p eng
035 ## - SYSTEM CONTROL NUMBER
System control number (BD-RjUL)20280
040 ## - CATALOGING SOURCE
Original cataloging agency DLC
Transcribing agency DLC
Modifying agency DLC
-- BD-RjUL
Language of cataloging eng
041 0# - LANGUAGE CODE
Language code of text/sound track or separate title engfre
082 00 - DEWEY DECIMAL CLASSIFICATION NUMBER
Classification number 841.912
Author mark and year SAS 1958
100 2# - MAIN ENTRY--PERSONAL NAME
Personal name Saint-John Perse,
Dates associated with a name 1887-1975.
9 (RLIN) 62314
245 10 - TITLE STATEMENT
Title Seamarks /
Statement of responsibility, etc. St.-John Perse [i.e. A. S.-L. Lรฉger] ; translation by Wallace Fowlie.
250 ## - EDITION STATEMENT
Edition statement Bilingual, 2d ed.
260 ## - PUBLICATION, DISTRIBUTION, ETC. (IMPRINT)
Place of publication, distribution, etc. New York :
Name of publisher, distributor, etc. Published for Bollingen Foundation by Pantheon Books,
Date of publication, distribution, etc. 1958.
300 ## - PHYSICAL DESCRIPTION
Pagination 239 p. ;
Size 24 cm.
500 ## - GENERAL NOTE
General note Translation of Amers.
504 ## - BIBLIOGRAPHY, ETC. NOTE
Bibliography, etc Bibliography: p. 237-238.
650 ## - SUBJECT ADDED ENTRY--TOPICAL TERM
Topical term or geographic name as entry element Bilingual language books.
9 (RLIN) 62316
942 ## - ADDED ENTRY ELEMENTS (KOHA)
Source of classification or shelving scheme Dewey Decimal Classification
Koha item type Books
Holdings
Lost status Source of classification or shelving scheme Damaged status Not for loan Collection code Permanent Location Current Location Shelving location Date acquired Source of acquisition Cost, normal purchase price Total Checkouts Full call number Date last seen Copy number Koha item type
  Dewey Decimal Classification   Not For Loan Fiction Central Library, University of Rajshahi Central Library, University of Rajshahi Reading Room 30/10/1963 Thomas 22.50   841.912 SAS 1961 27/02/2014 C-1 Books